| 000 | 01000nam a2200277Ia 4500 | ||
|---|---|---|---|
| 003 | OSt | ||
| 005 | 20221007125149.0 | ||
| 006 | a|||||r|||| 00| 0 | ||
| 007 | ta | ||
| 008 | 221006b |||||||| |||| 00| 0 eng d | ||
| 020 |
_a8176490008 (pbk) _cRs.395.00 |
||
| 024 | _a5425 | ||
| 037 |
_bEducational, _cTextual |
||
| 040 |
_aCDL _cCDL _beng |
||
| 041 |
_2eng _aeng |
||
| 082 | _aE9G,1, N8-;1 | ||
| 100 |
_aBertini Ivano^eand others _9721646 |
||
| 245 | 0 | _aBioinorganic chemistry by Ivano Bertini and others | |
| 260 |
_aNew _bDelhi Viva Books Private Limited _c1998 |
||
| 300 |
_aviii,611p _ccm. |
||
| 500 | _aBibliographical references 581-592p; Index 593-611p; ^n23/CSL/Carc/98-99/6450^d1998-08-06^mPurchase; ; 98-99/208^b1998-09-22^cEBA/108/98-99^d1998-09-14^eEducational Book Agency (India); ; 1998-10-06 | ||
| 650 | _a Inorganic | ||
| 650 | _aBiochemistry | ||
| 942 |
_hE9G,1, N8-;1 _cTEXL _2CC |
||
| 999 |
_c1214788 _d1214788 |
||